|
|
|
|
| LEADER |
00994nam a2200313 4500 |
| 001 |
DLU210196693 |
| 005 |
##20210701 |
| 040 |
# |
# |
|a DLU
|b vie
|
| 041 |
# |
# |
|a vie
|
| 044 |
# |
# |
|a vn
|
| 100 |
# |
# |
|a Đinh Công Tuấn.
|
| 245 |
# |
# |
|a Thúc đẩy hợp tác toàn diện Việt Nam - Liên minh Châu Âu trong bối cảnh quốc tế mới /
|c Đinh Công Tuấn, Lê Đắc Sơn.
|
| 653 |
# |
# |
|a EVFTA
|
| 653 |
# |
# |
|a EVIPA
|
| 653 |
# |
# |
|a Hợp tác toàn diện
|
| 653 |
# |
# |
|a Liên minh Châu Âu
|
| 653 |
# |
# |
|a Việt Nam
|
| 700 |
# |
# |
|a Lê Đắc Sơn.
|
| 773 |
# |
# |
|t Nghiên cứu Châu Âu
|g Số 12(231), 2019, tr. 3-14
|
| 920 |
# |
# |
|a Phòng Tạp chí -- Trung tâm Thông tin - Thư viện Trường Đại học Đà Lạt
|
| 933 |
# |
# |
|a XH
|
| 994 |
# |
# |
|a DLU
|
| 900 |
# |
# |
|a True
|
| 911 |
# |
# |
|a Hoàng Thị Huyền
|
| 925 |
# |
# |
|a G
|
| 926 |
# |
# |
|a A
|
| 927 |
# |
# |
|a BB
|
| 980 |
# |
# |
|a Thư viện Trường Đại học Đà Lạt
|